| 000 | 00355 a2200121 4500 | ||
|---|---|---|---|
| 020 | _a0137313187 | ||
| 082 | _a620.104 SHA | ||
| 100 | _aShames, Irving H. | ||
| 245 |
_aEngineering Mechanics Dynamics _cIrving H. Shames |
||
| 250 | _a4th ed. | ||
| 260 |
_aNew Jersey : _bPrentice Hall Europe, _c1998 |
||
| 300 |
_axvi, 1024p. : _bill . ; _c25 cm |
||
| 650 | _aEngineering Mechanics Dynamics | ||
| 999 |
_c771 _d771 |
||